000
00335nam a22001457a 4500
003
OSt
005
20220103144827.0
008
220103b |||||||| |||| 00| 0 eng d
020
_a
9788131502686
040
_c
HU
082
_a
005.86RAJ
100
_a
Rajan Claire
_9
26891
245
_a
Database Administrator 2
942
_2
ddc
_c
BOOKS
_n
0
999
_c
25808
_d
25808